| 000 | 00551nam a2200169Ia 4500 | ||
|---|---|---|---|
| 008 | 240729s9999 xx 000 0 und d | ||
| 022 | _a2468-2179 | ||
| 245 | 0 | _aJournal of Science: Advanced Materials and Devices | |
| 260 | _aNetherlands | ||
| 260 | _bElsevier | ||
| 650 | _a Electrical engineering. Electronics. Nuclear engineering | ||
| 650 | _a Materials of engineering and construction. Mechanics of materials | ||
| 650 | _aTechnology | ||
| 856 | _uhttps://doaj.org/toc/8210dd8d64964543822d856b94a714ff | ||
| 942 | _2ddc | ||
| 942 | _cDOAJEJ | ||
| 999 |
_c71395 _d71395 |
||
| 945 |
_a1 _bMadushi Gamage _c1 _dMadushi Gamage |
||